| 000 | 00380nam a2200133Ia 4500 | ||
|---|---|---|---|
| 008 | 170516s9999 xx 000 0 und d | ||
| 245 | _aHigh Efficiency Molecular Delivery with Sequential Low-Energy Sonoporation Bursts | ||
| 260 | _bTheranostics | ||
| 260 | _c2015 | ||
| 300 | _a5:12 | ||
| 650 | _xMedical Technology | ||
| 650 | _xMedtech | ||
| 856 | _uhttp://www.thno.org/v5i12 | ||
| 999 |
_c330307 _d330307 |
||